000 00238nam a22001097a 4500
082 _a823/AMI
100 _aAmish
245 _aThe Chola Tigers
_bAvengers Of Somnath
260 _aHaryana
_bHarper
_c2025
650 _aFiction
942 _cBK
999 _c68683
_d68683